[Event "FBL S"]
[Site "Deutschland"]
[Date "2010.03.13"]
[Round "6.4"]
[White "Gheng, Simona"]
[Black "Specht, Maria"]
[Result "1-0"]
[WhiteElo "2017"]
[BlackElo "1936"]
[PlyCount "169"]
[EventDate "2009.11.07"]
[EventType "team"]
[EventCountry "GER"]
[WhiteTeam "SF Deizisau"]
[BlackTeam "Schachges. Augsburg 1873"]

1. e4 c5 2. Nf3 d6 3. d4 cxd4 4. Nxd4 Nf6 5. Nc3 g6 6. f4 Bg4 7. Be2 Bxe2 8.
Qxe2 e5 9. fxe5 dxe5 10. Qb5+ Nbd7 11. Nf3 Qc7 12. Bg5 a6 13. Qa4 O-O-O 14.
O-O-O Be7 15. Qb3 h6 16. Bxf6 Nxf6 17. Qxf7 Kb8 18. Qe6 Rde8 19. Nxe5 Bd8 20.
Nd7+ Ka7 21. Qh3 Qf4+ 22. Kb1 Nxe4 23. Nxe4 Rxe4 24. Qc3 Rhe8 25. Qc5+ Ka8 26.
Qc8+ Ka7 27. Nc5 R4e7 28. Nd3 Qc7 29. Qxc7 Bxc7 30. Nc1 Bf4 31. g3 Bxc1 32.
Kxc1 Re2 33. Rd2 Re1+ 34. Rxe1 Rxe1+ 35. Rd1 Re2 36. Rd6 Rxh2 37. Rxg6 h5 38.
a4 Rg2 39. Rg5 Kb6 40. b4 Kc6 41. Kb2 b5 42. axb5+ axb5 43. Kc3 Rh2 44. Rg6+
Kb7 45. Kd3 h4 46. gxh4 Rxh4 47. c3 Rc4 48. Rd6 Rh4 49. Re6 Rg4 50. Re4 Rg6 51.
Re5 Kb6 52. Kd4 Rd6+ 53. Rd5 Rc6 54. Rd8 Rc4+ 55. Kd3 Rh4 56. Rb8+ Kc6 57. Rc8+
Kb6 58. Re8 Rg4 59. Re6+ Kc7 60. Re4 Rg6 61. Kd4 Kb6 62. Kd5 Rg3 63. Re6+ Kb7
64. Kd4 Rg4+ 65. Re4 Rg6 66. Re3 Rg5 67. Re5 Rg3 68. Rxb5+ Kc6 69. Re5 Kd6 70.
Re4 Rg1 71. Rh4 Rd1+ 72. Kc4 Kc6 73. Rh6+ Kb7 74. b5 Rc1 75. Kb4 Rb1+ 76. Kc5
Rc1 77. Rh7+ Kb8 78. c4 Kc8 79. b6 Rg1 80. Kb5 Rg5+ 81. c5 Rg4 82. c6 Rg5+ 83.
Ka6 Rg1 84. b7+ Kb8 85. c7# 1-0

[Event "FBL S"]
[Site "Deutschland"]
[Date "2010.03.13"]
[Round "6.5"]
[White "Nentwig, Nicole"]
[Black "Schaefer, Daniela"]
[Result "0-1"]
[WhiteElo "1909"]
[BlackElo "1920"]
[PlyCount "76"]
[EventDate "2009.11.07"]
[EventType "team"]
[EventCountry "GER"]
[WhiteTeam "Schachges. Augsburg 1873"]
[BlackTeam "SF Deizisau"]

1. e4 d6 2. d4 Nf6 3. Nc3 Nbd7 4. Nf3 e5 5. Bc4 Be7 6. Bxf7+ Kxf7 7. Ng5+ Kg8
8. Ne6 Qe8 9. Nxc7 Qg6 10. Rg1 Rb8 11. Qd3 Nb6 12. h3 exd4 13. Qxd4 Bd7 14. Bf4
Rc8 15. N7d5 Nbxd5 16. Nxd5 Nxd5 17. Qxd5+ Qe6 18. O-O-O Qxd5 19. Rxd5 Be6 20.
Rd3 Kf7 21. Bxd6 Rhd8 22. Rgd1 Bxd6 23. Rxd6 Rxd6 24. Rxd6 Ke7 25. Rd3 Kf6 26.
b3 Ke5 27. f3 Kf4 28. c3 Kg3 29. h4 g6 30. Kd2 Rc7 31. c4 Kxg2 32. f4 Rd7 33.
Rd5 Bxd5 34. cxd5 Kf3 35. Kd3 Kxf4 36. Kd4 Re7 37. d6 Rxe4+ 38. Kc5 Ke5 0-1

[Event "FBL S"]
[Site "Deutschland"]
[Date "2010.03.13"]
[Round "6.1"]
[White "Czech, Daiva"]
[Black "Rieseler, Caroline"]
[Result "0-1"]
[WhiteElo "2130"]
[BlackElo "2066"]
[PlyCount "168"]
[EventDate "2009.11.07"]
[EventType "team"]
[EventCountry "GER"]
[WhiteTeam "SF Wadgassen/Differten"]
[BlackTeam "SV 1920 Hofheim"]

1. e4 d5 2. Nc3 dxe4 3. Nxe4 Bf5 4. Ng3 Bg6 5. d4 e6 6. Nf3 Nd7 7. Bd3 Bxd3 8.
Qxd3 Ngf6 9. Ne4 Be7 10. O-O O-O 11. Bg5 Nxe4 12. Bxe7 Qxe7 13. Qxe4 Qb4 14. b3
Nf6 15. Qe2 Rfd8 16. a3 Qc3 17. Rad1 Rd6 18. Rd3 Qb2 19. b4 Rc6 20. Ne5 Rxc2
21. Qf3 c6 22. g4 Rc1 23. h4 Rxf1+ 24. Kxf1 Rf8 25. g5 Nd5 26. Qd1 Nc3 27. Qf3
Qc1+ 28. Kg2 Nd5 29. Rd1 Qf4 30. Qh3 Qe4+ 31. Kf1 Nf4 32. Qf3 Qxf3 33. Nxf3 Rd8
34. Ke1 f6 35. Kd2 Kf7 36. Ke3 Nd5+ 37. Kd3 Ke7 38. Rg1 Kf7 39. Rd1 Nf4+ 40.
Ke4 Ng6 41. Rc1 Rd5 42. Rg1 Ne7 43. h5 h6 44. gxh6 gxh6 45. Rh1 Rf5 46. Rh2 Nd5
47. Nd2 Rf4+ 48. Kd3 b5 49. f3 Rf5 50. Rh1 Nf4+ 51. Ke3 Rxh5 52. Rc1 Nd5+ 53.
Kd3 Ne7 54. Ne4 Rh2 55. Nd6+ Kf8 56. Re1 Nd5 57. Rc1 Ra2 58. Rxc6 Rxa3+ 59. Ke2
Ra2+ 60. Ke1 Nxb4 61. Rc8+ Ke7 62. Nxb5 Nc2+ 63. Kd1 Ne3+ 64. Ke1 a6 65. Ra8
Ra5 66. Ra7+ Kd8 67. Nc7 Nc2+ 68. Kf2 Nxd4 69. Nxa6 Nc6 70. Rf7 Rxa6 71. Rxf6
Ke7 72. Rxh6 Nd4 73. Rh7+ Kd6 74. Ke3 Nf5+ 75. Kf4 Ra4+ 76. Kg5 Ne7 77. Rh8
Ra5+ 78. Kg4 Rf5 79. Rd8+ Ke5 80. Rd3 Rf4+ 81. Kg3 Nf5+ 82. Kf2 Ra4 83. Rd2 Kf4
84. Re2 e5 0-1

[Event "FBL S"]
[Site "Deutschland"]
[Date "2010.03.13"]
[Round "6.2"]
[White "Kierzek, Mira"]
[Black "Dietzen, Corinna"]
[Result "1/2-1/2"]
[WhiteElo "2043"]
[BlackElo "1980"]
[PlyCount "88"]
[EventDate "2009.11.07"]
[EventType "team"]
[EventCountry "GER"]
[WhiteTeam "SV 1920 Hofheim"]
[BlackTeam "SF Wadgassen/Differten"]

1. d4 d6 2. e4 Nf6 3. Nc3 Nbd7 4. Nf3 e5 5. Bc4 Be7 6. O-O O-O 7. h3 c6 8. Be3
Qc7 9. a4 h6 10. Ba2 Rd8 11. Qe2 Nf8 12. Rad1 Ng6 13. Qd2 d5 14. exd5 e4 15.
Ne5 Nxe5 16. dxe5 Nxd5 17. Bxd5 Be6 18. Nxe4 Rxd5 19. Qc3 Qxe5 20. Rxd5 Qxd5
21. Nc5 Bc8 22. Nd3 Bf6 23. Qb4 b6 24. Nf4 Qe5 25. b3 c5 26. Qc4 Bb7 27. Rd1
Rd8 28. Rxd8+ Bxd8 29. Nd3 Qa1+ 30. Kh2 Bc7+ 31. Bf4 Qf1 32. f3 Bd8 33. Ne5
Qxc4 34. Nxc4 Bd5 35. Ne3 Be6 36. Kg3 Bf6 37. Kf2 Bd4 38. Ke2 g5 39. Bb8 a6 40.
Kd3 b5 41. axb5 axb5 42. Bd6 f5 43. c4 bxc4+ 44. bxc4 Bxe3 1/2-1/2

[Event "FBL S"]
[Site "Deutschland"]
[Date "2010.03.13"]
[Round "6.3"]
[White "Mueller, Elke"]
[Black "Heymann Lobzhanidze, Anna Luise"]
[Result "1-0"]
[WhiteElo "1992"]
[BlackElo "2085"]
[PlyCount "79"]
[EventDate "2009.11.07"]
[EventType "team"]
[EventCountry "GER"]
[WhiteTeam "SF Wadgassen/Differten"]
[BlackTeam "SV 1920 Hofheim"]

1. e4 e5 2. Nf3 Nc6 3. d4 exd4 4. Nxd4 Bc5 5. Be3 Qf6 6. c3 Nge7 7. Be2 d5 8.
Bf3 Ne5 9. exd5 Nxf3+ 10. Nxf3 Bxe3 11. fxe3 Bg4 12. O-O O-O 13. Qb3 Qb6 14.
Qxb6 axb6 15. Ne5 Be2 16. Re1 Ba6 17. e4 f6 18. Nf3 Rfe8 19. Nbd2 Bd3 20. c4 b5
21. cxb5 Bxb5 22. Nd4 Bd7 23. a3 Rad8 24. Nc4 Bg4 25. h3 Bc8 26. Nb5 Rd7 27.
Rad1 Ng6 28. b4 Ne5 29. Nxe5 Rxe5 30. Rc1 Ree7 31. d6 Re5 32. Na7 Re8 33. Rxc7
Rxc7 34. dxc7 Kf7 35. Rd1 Ke7 36. a4 Bd7 37. b5 b6 38. a5 bxa5 39. b6 Bc8 40.
Nc6+ 1-0

[Event "FBL S"]
[Site "Deutschland"]
[Date "2010.03.13"]
[Round "6.4"]
[White "Zahn, Nicol"]
[Black "Henschel, Anke"]
[Result "0-1"]
[WhiteElo "1960"]
[BlackElo "1991"]
[PlyCount "96"]
[EventDate "2009.11.07"]
[EventType "team"]
[EventCountry "GER"]
[WhiteTeam "SV 1920 Hofheim"]
[BlackTeam "SF Wadgassen/Differten"]

1. e4 d5 2. Nc3 d4 3. Nce2 e5 4. Nf3 Bd6 5. Ng3 Ne7 6. Bc4 h6 7. d3 Nd7 8. O-O
Nf6 9. Nh4 Bg4 10. f3 Bd7 11. f4 Bg4 12. Qe1 Qd7 13. fxe5 Bxe5 14. Bf4 Nc6 15.
Bb5 Bxf4 16. Rxf4 O-O-O 17. Bxc6 Qxc6 18. e5 h5 19. exf6 g5 20. Nhf5 Qxc2 21.
Rf2 Qxd3 22. Rc1 h4 23. Qa5 c6 24. Ne7+ Kb8 25. Ngf5 Bxf5 26. Nxf5 Rd5 27. Rc5
Rhd8 28. Ne7 Rxc5 29. Qxc5 Qb1+ 30. Rf1 Qxb2 31. Qxg5 d3 32. Qxh4 d2 33. Qf4+
Ka8 34. Qg4 Qxa2 35. h4 Qc2 36. h5 d1=Q 37. Rxd1 Qxd1+ 38. Qxd1 Rxd1+ 39. Kf2
a5 40. g4 a4 41. g5 a3 42. g6 a2 43. g7 Rd8 44. g8=Q Rxg8 45. Nxg8 a1=Q 46. h6
b5 47. Kg2 Qb1 48. Kf3 Qg6 0-1

[Event "FBL S"]
[Site "Deutschland"]
[Date "2010.03.13"]
[Round "6.5"]
[White "Ley, Janine"]
[Black "Froehlich Dill, Astrid"]
[Result "0-1"]
[WhiteElo "1681"]
[BlackElo "1922"]
[PlyCount "146"]
[EventDate "2009.11.07"]
[EventType "team"]
[EventCountry "GER"]
[WhiteTeam "SF Wadgassen/Differten"]
[BlackTeam "SV 1920 Hofheim"]

1. c4 c5 2. Nc3 Nf6 3. g3 e6 4. Bg2 Be7 5. Nf3 Nc6 6. d4 cxd4 7. Nxd4 a6 8. e4
O-O 9. O-O Qc7 10. b3 Rd8 11. Be3 Rb8 12. Qe2 b5 13. Rac1 Ba3 14. Rcd1 Nxd4 15.
Bxd4 e5 16. Be3 bxc4 17. bxc4 Rb2 18. Rd2 Rxd2 19. Bxd2 h6 20. Qd3 Bc5 21. Nd5
Nxd5 22. cxd5 Qa7 23. Qf3 d6 24. Re1 a5 25. Be3 Ba6 26. Bxc5 Qxc5 27. Qd1 Bc4
28. Qd2 Rb8 29. Rc1 Qb4 30. Qc2 Ba6 31. h4 Rc8 32. Qb1 Rxc1+ 33. Qxc1 Bd3 34.
Qc8+ Kh7 35. Qf5+ Kg8 36. Qf3 Qe1+ 37. Kh2 Bb1 38. a3 Bc2 39. Bh1 Bd1 40. Qe3
Qxe3 41. fxe3 Kf8 42. Kg1 Ke7 43. Kf2 Kd7 44. Ke1 Bg4 45. Bg2 Kc7 46. Kd2 Kb6
47. Bf1 Kc5 48. Kc3 Bf3 49. Bd3 Bd1 50. Bf1 Bf3 51. Bd3 f5 52. exf5 Kxd5 53.
Bc2 Be4 54. g4 Bxc2 55. Kxc2 Ke4 56. Kd2 d5 57. a4 d4 58. exd4 exd4 59. h5 Kf4
60. Kd3 Ke5 61. Kc4 Ke4 62. g5 Kxf5 63. gxh6 gxh6 64. Kxd4 Kg5 65. Kc4 Kxh5 66.
Kb5 Kg4 67. Kxa5 h5 68. Kb5 h4 69. a5 h3 70. a6 h2 71. a7 h1=Q 72. Kb6 Qa8 73.
Ka6 Kf5 0-1

[Event "FBL S"]
[Site "Deutschland"]
[Date "2010.03.13"]
[Round "6.1"]
[White "Leks, Hanna"]
[Black "Fuchs, Antje"]
[Result "1-0"]
[WhiteElo "2169"]
[BlackElo "2141"]
[PlyCount "123"]
[EventDate "2009.11.07"]
[EventType "team"]
[EventCountry "GER"]
[WhiteTeam "TSV Schott Mainz"]
[BlackTeam "TSV Zeulenroda"]

1. e4 c5 2. Nf3 Nc6 3. d4 cxd4 4. Nxd4 Nf6 5. Nc3 e5 6. Ndb5 d6 7. Bg5 a6 8.
Na3 Be7 9. Nc4 Be6 10. Bxf6 gxf6 11. Ne3 Rc8 12. Ncd5 f5 13. exf5 Bxd5 14. Nxd5
Nd4 15. Ne3 Bg5 16. Bd3 e4 17. Bxe4 Bxe3 18. O-O Qh4 19. fxe3 Qxe4 20. Qxd4
Qxd4 21. exd4 Rxc2 22. Rf2 Rc4 23. Rd1 Kd7 24. Kf1 Rg8 25. h3 h5 26. Ke2 Kc6
27. b3 Rc2+ 28. Rd2 Rxd2+ 29. Kxd2 Kd5 30. Ke3 Rg3+ 31. Kf4 h4 32. Re2 Kxd4 33.
Re7 Rxg2 34. Rxf7 b5 35. Re7 Rxa2 36. f6 Rf2+ 37. Kg5 Kc3 38. Re4 Kxb3 39. Rf4
Rg2+ 40. Kh6 Rg8 41. f7 Rf8 42. Kg7 Rxf7+ 43. Kxf7 b4 44. Rxh4 a5 45. Rg4 Kc2
46. h4 b3 47. h5 b2 48. Rg2+ Kb3 49. Rxb2+ Kxb2 50. h6 a4 51. h7 a3 52. h8=Q+
Kb1 53. Qh1+ Kb2 54. Qb7+ Ka1 55. Qh1+ Kb2 56. Qg2+ Kb1 57. Qf1+ Kb2 58. Qe2+
Kb1 59. Qe4+ Kc1 60. Qc4+ Kb2 61. Qb4+ Ka2 62. Ke6 1-0

[Event "FBL S"]
[Site "Deutschland"]
[Date "2010.03.13"]
[Round "6.2"]
[White "Mucha, Annegret"]
[Black "Endress, Anna"]
[Result "0-1"]
[WhiteElo "2012"]
[BlackElo "2090"]
[PlyCount "112"]
[EventDate "2009.11.07"]
[EventType "team"]
[EventCountry "GER"]
[WhiteTeam "TSV Zeulenroda"]
[BlackTeam "TSV Schott Mainz"]

1. e4 c5 2. Nc3 Nc6 3. Bb5 Nd4 4. Bc4 e6 5. Nge2 Nf6 6. O-O b5 7. Nxb5 Nxb5 8.
Bxb5 Nxe4 9. d3 Nf6 10. Ng3 Bb7 11. Re1 Be7 12. Ba4 O-O 13. Bg5 d5 14. Nh5 Nxh5
15. Bxe7 Qxe7 16. Qxh5 Rac8 17. Rad1 Qf6 18. c3 d4 19. Qe5 Qxe5 20. Rxe5 Rfd8
21. c4 Rd6 22. f3 Ra6 23. b3 f6 24. Re2 Kf7 25. Rde1 Rd6 26. Kf2 g5 27. a3 e5
28. b4 Ra6 29. Bd7 Rc7 30. Bf5 Rxa3 31. b5 h5 32. Rd2 Bc8 33. Bxc8 Rxc8 34. Rb1
Rb8 35. Rbb2 a6 36. bxa6 Rxb2 37. Rxb2 Rxa6 38. Rb5 Ra2+ 39. Kf1 Rd2 40. Rxc5
Rxd3 41. Ke2 Rc3 42. Rc7+ Ke6 43. Rc6+ Kf5 44. c5 Rc2+ 45. Kd3 Rxg2 46. Rd6 Rf2
47. c6 Rxf3+ 48. Kc4 Rc3+ 49. Kb5 g4 50. Kb6 h4 51. c7 Rxc7 52. Kxc7 g3 53.
hxg3 hxg3 54. Rd8 Kf4 55. Kd6 d3 56. Ke6 g2 0-1

[Event "FBL S"]
[Site "Deutschland"]
[Date "2010.03.13"]
[Round "6.3"]
[White "Frey, Alisa"]
[Black "Lange, Corinna"]
[Result "1/2-1/2"]
[WhiteElo "2038"]
[BlackElo "2033"]
[PlyCount "52"]
[EventDate "2009.11.07"]
[EventType "team"]
[EventCountry "GER"]
[WhiteTeam "TSV Schott Mainz"]
[BlackTeam "TSV Zeulenroda"]

1. e4 e6 2. d4 d5 3. Nc3 Bb4 4. e5 c5 5. a3 cxd4 6. Qxd4 Nc6 7. Bb5 Bxc3+ 8.
Qxc3 Nge7 9. Bg5 Bd7 10. Bd3 Rc8 11. Nf3 Qb6 12. O-O Ng6 13. Qe1 Nd4 14. Nxd4
Qxd4 15. Be3 Qxe5 16. Qb4 Qc7 17. Bxa7 Ne5 18. Bb6 Nxd3 19. cxd3 Qc6 20. Bd4 f6
21. Rfe1 Kf7 22. f4 Qa4 23. Qxa4 Bxa4 24. Rac1 Bb5 25. Rcd1 Rc2 26. Re3 Rhc8
1/2-1/2

[Event "FBL S"]
[Site "Deutschland"]
[Date "2010.03.13"]
[Round "6.4"]
[White "Skibbe, Diana"]
[Black "Gerlach Buedinger, Manuela"]
[Result "1-0"]
[WhiteElo "2083"]
[BlackElo "2069"]
[PlyCount "141"]
[EventDate "2009.11.07"]
[EventType "team"]
[EventCountry "GER"]
[WhiteTeam "TSV Zeulenroda"]
[BlackTeam "TSV Schott Mainz"]

1. e4 g6 2. d4 Bg7 3. c4 d6 4. Nc3 Nf6 5. Bd3 e5 6. dxe5 dxe5 7. Bg5 h6 8. Bxf6
Qxf6 9. Nd5 Qd8 10. Ne2 c6 11. Ne3 O-O 12. O-O Qe7 13. Qc2 Nd7 14. Nc3 Nc5 15.
Be2 Ne6 16. Qb1 a5 17. Rd1 Nd4 18. Bf1 Be6 19. b3 Rfd8 20. Qb2 Rd7 21. Na4 Re8
22. c5 Qh4 23. f3 Qg5 24. Qf2 Bf8 25. Bc4 Bxc4 26. Nxc4 Qd8 27. Rd2 Qc7 28.
Rad1 Rdd8 29. Kf1 Be7 30. Qg3 Ne6 31. Nd6 Rf8 32. Qxe5 Bg5 33. Rd3 Bf4 34. Qc3
Bxh2 35. Kf2 Qe7 36. g3 Qg5 37. f4 Bxg3+ 38. Rxg3 Qxf4+ 39. Kg2 Ng5 40. Rf1 Qh4
41. Rh1 Qf4 42. Qe3 Qe5 43. Rxh6 Ne6 44. Rg4 Nxc5 45. Qxc5 Qxd6 46. Qxd6 Rxd6
47. e5 Rd2+ 48. Kf3 Re8 49. Re4 Kg7 50. Rh1 Rxa2 51. Re3 Rd2 52. Nc3 Rb2 53.
Nd1 Rd2 54. Nf2 Rd5 55. Ng4 Red8 56. Nf6 Rd4 57. Rh7+ Kf8 58. e6 fxe6 59. Rxe6
Rd3+ 60. Kf4 R3d6 61. Ke5 Rd3 62. Rxb7 Re3+ 63. Ne4 Re8 64. Rxe8+ Kxe8 65. Kd4
Re1 66. Rg7 Rb1 67. Nc5 Rg1 68. Ke5 Kf8 69. Ne6+ Ke8 70. Kd6 Rg3 71. Re7# 1-0

[Event "FBL S"]
[Site "Deutschland"]
[Date "2010.03.13"]
[Round "6.5"]
[White "Krasnopeyeva, Julia"]
[Black "Espig, Gesine"]
[Result "1/2-1/2"]
[WhiteElo "1934"]
[BlackElo "2036"]
[PlyCount "36"]
[EventDate "2009.11.07"]
[EventType "team"]
[EventCountry "GER"]
[WhiteTeam "TSV Schott Mainz"]
[BlackTeam "TSV Zeulenroda"]

1. e4 g6 2. d4 Bg7 3. Nc3 d6 4. Be3 c6 5. Qd2 Qc7 6. f3 Nd7 7. g4 h5 8. g5 e6
9. f4 Ne7 10. Bh3 Nb6 11. Qd3 d5 12. e5 a5 13. a4 Nd7 14. Nf3 Qb6 15. Nh4 Nb8
16. Qd2 Na6 17. Ne2 Bd7 18. c3 c5 1/2-1/2

[Event "FBL S"]
[Site "Deutschland"]
[Date "2010.03.14"]
[Round "7.1"]
[White "Manakov, Marina"]
[Black "Ankerst, Milka"]
[Result "1-0"]
[WhiteElo "2330"]
[BlackElo "2134"]
[PlyCount "53"]
[EventDate "2009.11.07"]
[EventType "team"]
[EventCountry "GER"]
[WhiteTeam "SF Deizisau"]
[BlackTeam "FC Bayern München"]

1. d4 Nf6 2. Nf3 e6 3. Bf4 c5 4. e3 Nc6 5. Nbd2 cxd4 6. exd4 Be7 7. c3 d6 8.
Bc4 Qc7 9. Qe2 Na5 10. Bd3 Bd7 11. h4 h6 12. a3 a6 13. c4 Ba4 14. b4 Nc6 15.
O-O O-O 16. Rac1 Qd7 17. Bb1 Rfe8 18. Qd3 Rad8 19. Rfe1 Na7 20. Nf1 Bc6 21. Ng3
Nc8 22. d5 exd5 23. cxd5 Bxd5 24. Bg5 Be6 25. Bxf6 Bxf6 26. Qh7+ Kf8 27. Qh8+
1-0

[Event "FBL S"]
[Site "Deutschland"]
[Date "2010.03.14"]
[Round "7.2"]
[White "Dirmeier, Carolin"]
[Black "Meier, Annemarie Sylvia"]
[Result "1/2-1/2"]
[WhiteElo "2030"]
[BlackElo "2259"]
[PlyCount "87"]
[EventDate "2009.11.07"]
[EventType "team"]
[EventCountry "GER"]
[WhiteTeam "FC Bayern München"]
[BlackTeam "SF Deizisau"]

1. e4 c5 2. Nc3 a6 3. g3 b5 4. Bg2 Bb7 5. f4 e6 6. Qe2 Nc6 7. Nf3 Qb6 8. d3 Nd4
9. Qf2 Nh6 10. h3 f5 11. Be3 Nxf3+ 12. Bxf3 Rc8 13. O-O Be7 14. g4 b4 15. Ne2
O-O 16. Kh1 d5 17. gxf5 d4 18. Bd2 exf5 19. Rg1 g6 20. Rae1 Rce8 21. Ng3 Bh4
22. Qg2 Bxg3 23. Qxg3 Re6 24. Kh2 Qd8 25. Rg2 Rfe8 26. e5 Qa8 27. Bxb7 Qxb7 28.
Reg1 Qd5 29. Ra1 Nf7 30. b3 a5 31. a4 h6 32. Rf1 Kh7 33. Qf3 Qxf3 34. Rxf3 Nd8
35. h4 Rg8 36. Rfg3 Nc6 37. Kh3 Ne7 38. Kh2 Nd5 39. Kg1 Re7 40. Kf2 Nc7 41. Kf3
Ne6 42. Rg1 Reg7 43. R3g2 Rf8 44. Rg3 1/2-1/2

[Event "FBL S"]
[Site "Deutschland"]
[Date "2010.03.14"]
[Round "7.3"]
[White "Gheng, Simona"]
[Black "Spiel, Marianne"]
[Result "1/2-1/2"]
[WhiteElo "2017"]
[BlackElo "2035"]
[PlyCount "99"]
[EventDate "2009.11.07"]
[EventType "team"]
[EventCountry "GER"]
[WhiteTeam "SF Deizisau"]
[BlackTeam "FC Bayern München"]

1. e4 e6 2. d4 d5 3. Nd2 Nf6 4. Bd3 c5 5. exd5 exd5 6. dxc5 Bxc5 7. Ngf3 O-O 8.
O-O Bg4 9. Nb3 Bb6 10. h3 Bh5 11. Bg5 Qd6 12. Bxf6 Qxf6 13. g4 Bg6 14. Bxg6
hxg6 15. c3 Nc6 16. Qd3 Rfe8 17. Rad1 Qf4 18. Kg2 Rad8 19. Qd2 Re4 20. Qxf4
Rxf4 21. Rd2 Rf6 22. Rfd1 Rfd6 23. Nbd4 f6 24. b4 Kf7 25. a4 Nxd4 26. Nxd4 Bxd4
27. Rxd4 Ke6 28. Re1+ Kf7 29. Re3 R8d7 30. f4 Rc6 31. Kf2 Rc4 32. Red3 Rxd4 33.
Rxd4 Ke6 34. Ke3 Kd6 35. Kd2 Kc6 36. Rd3 Rc7 37. Rf3 Kd6 38. Kd3 Re7 39. Re3
Rc7 40. Re8 Kd7 41. Rg8 Ke6 42. Re8+ Kd7 43. Ra8 a6 44. Kd4 Ke6 45. Re8+ Kd7
46. Re3 Kd6 47. Kd3 Rc4 48. Rf3 Re4 49. f5 g5 50. Re3 1/2-1/2

[Event "FBL S"]
[Site "Deutschland"]
[Date "2010.03.14"]
[Round "7.4"]
[White "Renner, Gabriele"]
[Black "Schaefer, Daniela"]
[Result "1-0"]
[WhiteElo "1988"]
[BlackElo "1920"]
[PlyCount "61"]
[EventDate "2009.11.07"]
[EventType "team"]
[EventCountry "GER"]
[WhiteTeam "FC Bayern München"]
[BlackTeam "SF Deizisau"]

1. e4 d6 2. d4 Nf6 3. Nc3 Nbd7 4. Be3 e5 5. Nf3 Be7 6. Be2 O-O 7. O-O c6 8. h3
exd4 9. Qxd4 Nc5 10. Rad1 a5 11. e5 dxe5 12. Qxe5 Ncd7 13. Qh2 Bb4 14. Na4 Nd5
15. Bg5 Qe8 16. Bc4 b5 17. Bxd5 cxd5 18. Nc3 Bxc3 19. bxc3 Bb7 20. Rfe1 Qc8 21.
Re7 Re8 22. Rde1 Rxe7 23. Rxe7 h6 24. Qf4 Qxc3 25. Qxf7+ Kh7 26. Rxd7 Bc6 27.
Re7 hxg5 28. Nxg5+ Kh8 29. Qh5+ Kg8 30. Qh7+ Kf8 31. Rf7+ 1-0

[Event "FBL S"]
[Site "Deutschland"]
[Date "2010.03.14"]
[Round "7.5"]
[White "Gheng, Hannelore"]
[Black "Roos, Karin"]
[Result "0-1"]
[WhiteElo "1654"]
[BlackElo "1864"]
[PlyCount "74"]
[EventDate "2009.11.07"]
[EventType "team"]
[EventCountry "GER"]
[WhiteTeam "SF Deizisau"]
[BlackTeam "FC Bayern München"]

1. e4 c5 2. Nf3 g6 3. d4 Bg7 4. c3 cxd4 5. Nxd4 Nc6 6. Bc4 Nf6 7. Nxc6 bxc6 8.
e5 Ne4 9. Qf3 d5 10. exd6 Nxd6 11. Qxc6+ Bd7 12. Qd5 Rc8 13. Bb3 Bc6 14. Qg5 h6
15. Qg4 h5 16. Qh3 Bb5 17. Be3 Qc7 18. Nd2 a5 19. c4 Bxb2 20. Rb1 Bd7 21. Qf3
Bf6 22. c5 Nf5 23. Ne4 Be5 24. Bd5 Bc6 25. Ng5 Bxd5 26. Qxd5 Bc3+ 27. Ke2 e6
28. Qb7 Nxe3 29. fxe3 O-O 30. Rhf1 Bb4 31. Qe4 Qxc5 32. Nxf7 Qc2+ 33. Qxc2
Rxc2+ 34. Kd3 Rd2+ 35. Ke4 Rxf7 36. Rxf7 Kxf7 37. Ke5 Rxa2 0-1

[Event "FBL S"]
[Site "Deutschland"]
[Date "2010.03.14"]
[Round "7.1"]
[White "Rieseler, Caroline"]
[Black "Leks, Hanna"]
[Result "0-1"]
[WhiteElo "2066"]
[BlackElo "2169"]
[PlyCount "90"]
[EventDate "2009.11.07"]
[EventType "team"]
[EventCountry "GER"]
[WhiteTeam "SV 1920 Hofheim"]
[BlackTeam "TSV Schott Mainz"]

1. e4 c5 2. Nc3 Nc6 3. g3 g6 4. Bg2 Bg7 5. d3 d6 6. f4 Nh6 7. Nge2 O-O 8. O-O
f5 9. h3 Nf7 10. exf5 gxf5 11. Kh2 Nd4 12. Rb1 Rb8 13. Ng1 b5 14. Nd5 e6 15.
Ne3 d5 16. c3 Nc6 17. Qh5 Ne7 18. Nc2 b4 19. c4 b3 20. axb3 Rxb3 21. Qe2 Qb6
22. Nf3 Qb8 23. Ne3 d4 24. Nd1 Ng6 25. Nf2 e5 26. fxe5 Nfxe5 27. Ng5 Bb7 28.
Qh5 h6 29. Nf3 Bxf3 30. Bxf3 Nxf3+ 31. Qxf3 Kh7 32. Ra1 Be5 33. Ra6 Rb6 34.
Rxb6 axb6 35. Re1 Nh4 36. Qh5 Bxg3+ 37. Kh1 Qb7+ 38. Ne4 Bxe1 39. Qxh6+ Kg8 40.
Qe6+ Qf7 41. Nf6+ Kh8 42. Qxe1 Qxf6 43. Qe2 f4 44. Qh5+ Kg7 45. Qg4+ Ng6 0-1

[Event "FBL S"]
[Site "Deutschland"]
[Date "2010.03.14"]
[Round "7.2"]
[White "Endress, Anna"]
[Black "Kierzek, Mira"]
[Result "1-0"]
[WhiteElo "2090"]
[BlackElo "2043"]
[PlyCount "71"]
[EventDate "2009.11.07"]
[EventType "team"]
[EventCountry "GER"]
[WhiteTeam "TSV Schott Mainz"]
[BlackTeam "SV 1920 Hofheim"]

1. e4 c5 2. Nf3 e6 3. d4 cxd4 4. Nxd4 a6 5. Nc3 Qc7 6. Bd3 Bc5 7. Nb3 Be7 8.
O-O Nf6 9. f4 d6 10. Qe2 Nbd7 11. Be3 b5 12. a3 Bb7 13. Kh1 Rc8 14. Rae1 O-O
15. Bg1 Nc5 16. Rf3 e5 17. Nxc5 dxc5 18. fxe5 Qxe5 19. Rf5 Qe6 20. e5 Nd5 21.
Nxd5 Bxd5 22. Rf4 g6 23. c4 bxc4 24. Bxc4 Bxc4 25. Rxc4 Rfd8 26. Qc2 Rd5 27. b4
Rxe5 28. Rxe5 Qxe5 29. bxc5 Rc6 30. Qa4 Qc7 31. Qb4 h5 32. h3 Qd7 33. Qb8+ Kg7
34. Bd4+ f6 35. Rb4 Kf7 36. Qh8 $138 1-0

[Event "FBL S"]
[Site "Deutschland"]
[Date "2010.03.14"]
[Round "7.3"]
[White "Heymann Lobzhanidze, Anna Luise"]
[Black "Frey, Alisa"]
[Result "0-1"]
[WhiteElo "2085"]
[BlackElo "2038"]
[PlyCount "138"]
[EventDate "2009.11.07"]
[EventType "team"]
[EventCountry "GER"]
[WhiteTeam "SV 1920 Hofheim"]
[BlackTeam "TSV Schott Mainz"]

1. e4 e5 2. Bc4 Nf6 3. d3 Nc6 4. Nf3 Be7 5. c3 O-O 6. O-O d6 7. Bb3 Na5 8. Bc2
c5 9. Re1 Nc6 10. Nbd2 Re8 11. h3 Bf8 12. Nf1 g6 13. Bg5 Bg7 14. N3h2 Qb6 15.
Bb3 Be6 16. Qf3 Bxb3 17. axb3 Re6 18. Ne3 Qxb3 19. Nd5 Nxd5 20. exd5 e4 21.
dxe4 Ne5 22. Qg3 Ree8 23. f4 Nd7 24. Ng4 f6 25. Bh4 Qc4 26. Qf3 a6 27. Bg3 Rf8
28. Ne3 Qb5 29. Qg4 Rf7 30. f5 g5 31. Bxd6 Qxb2 32. c4 Re8 33. Rad1 b5 34. cxb5
axb5 35. Kh1 Bf8 36. Bxf8 Rfxf8 37. Nf1 b4 38. Qe2 Qxe2 39. Rxe2 c4 40. Rd4 Rc8
41. Rc2 Ne5 42. Nd2 b3 43. Rc3 b2 44. Nb1 Rf7 45. Kg1 Ra7 46. Rd2 Rb8 47. Rcc2
Ra1 48. Rd1 Kf7 49. d6 Ke8 50. Kf1 Kd7 51. Ke2 Rb4 52. Kd2 Nd3 53. Kc3 Rba4 54.
Rxb2 Nxb2 55. Kxb2 R4a2+ 56. Kc3 Rxg2 57. Kxc4 Rg3 58. e5 fxe5 59. Rf1 Rxh3 60.
f6 Rh4+ 61. Kd3 Rf4 62. Rxf4 exf4 63. f7 Ra8 64. Nd2 Rf8 65. Nf3 h6 66. Ke4
Kxd6 67. Ne5 Ke6 68. Ng4 h5 69. Nh6 Rxf7 0-1

[Event "FBL S"]
[Site "Deutschland"]
[Date "2010.03.14"]
[Round "7.4"]
[White "Krasnopeyeva, Julia"]
[Black "Froehlich Dill, Astrid"]
[Result "1-0"]
[WhiteElo "1934"]
[BlackElo "1922"]
[PlyCount "73"]
[EventDate "2009.11.07"]
[EventType "team"]
[EventCountry "GER"]
[WhiteTeam "TSV Schott Mainz"]
[BlackTeam "SV 1920 Hofheim"]

1. e4 c5 2. Nf3 Nc6 3. d4 cxd4 4. Nxd4 e6 5. Nc3 a6 6. Be2 Bb4 7. O-O Bxc3 8.
bxc3 Nge7 9. f4 O-O 10. Kh1 d5 11. e5 f6 12. exf6 Rxf6 13. Nf3 Ng6 14. g3 b5
15. a4 bxa4 16. Rxa4 Bb7 17. Nd4 e5 18. fxe5 Ncxe5 19. Rb4 Rxf1+ 20. Bxf1 Qd7
21. Bg2 Ng4 22. Rxb7 Nf2+ 23. Kg1 Nxd1 24. Rxd7 Nxc3 25. Bb2 Rc8 26. Bxc3 Rxc3
27. Bxd5+ Kf8 28. Ne6+ Ke8 29. Rc7 Rxc7 30. Nxc7+ Kd7 31. Nxa6 Ne5 32. c4 Kd6
33. h3 h6 34. Kf2 Nd7 35. Ke3 Ke5 36. Nb4 Nc5 37. Nd3+ 1-0